000 00447nam a2200181Ia 4500
005 20250326142235.0
008 250326s9999 xx 000 0 und d
037 _aTextbook
040 _aFMSL
_beng
_cFMSL
041 _aeng
_2eng
084 _qFMSL
100 _aDecovny S
_9743391
245 0 _aSwapa
_cDecovny S
260 _aNew York
_bNew York, Woodhead Faulkner
_c1992
300 _a189p
942 _cTB
999 _c1294091
_d1294091